| 000 | 00479nam a2200169Ia 4500 | ||
|---|---|---|---|
| 008 | 230917s9999||||xx |||||||||||||| ||und|| | ||
| 020 | _cRS895 | ||
| 040 |
_e233911 _aMAIN |
||
| 041 | _aEnglish | ||
| 082 | _a822.09 K147W:G | ||
| 100 | _aWadikar, Shailaja B | ||
| 245 | 0 | _aGirish karnad: A contemporary playwright | |
| 260 |
_aNew Delhi _bAtleantic Publishers _c2016 |
||
| 300 | _axviii, 213 p. | ||
| 500 | _a2366 31/08/2016 APD16/1038980 02/09/2016 Main Budget | ||
| 942 | _cBK | ||
| 999 |
_c19050 _d19050 |
||